Il corpo e l'abbandono

Uloženo v:
Podrobná bibliografie
Hlavní autor: Pozzi Walter G.
Médium: Kniha
Jazyk:neznámý jazyk
Vydáno: Milano Tranchina 1997
Tagy: Přidat tag
Žádné tagy, Buďte první, kdo vytvoří štítek k tomuto záznamu!

MARC

LEADER 00000nam a2200000Ia 4500
001 93
003 NUMERAZIONE-ORIGINALE-BRESCIA
005 20260206230748.0
008 260206s9999 xx 000 0 und d
100 |a Pozzi Walter G. 
245 0 |a Il corpo e l'abbandono 
260 |a Milano 
260 |b Tranchina 
260 |c 1997 
942 |2 ddc  |c BK  |n 0 
952 |0 0  |1 0  |2 ddc  |4 0  |6 15  |7 0  |9 28279  |a BS  |b BS  |d 2026-02-06  |i 93  |l 0  |o 1-5-*  |r 2026-02-06 22:40:32  |w 2026-02-06  |x [REVISIONARE]  |y BK 
999 |c 23975  |d 23975